[Event "Chess House GM-Tourney 2018"]
[Site "Aarhus"]
[Date "2018.02.09"]
[Round "1.1"]
[White "Vorobiov, Evgeny E."]
[Black "Thogersen, Rasmus"]
[Result "1-0"]
[WhiteElo "2548"]
[BlackElo "2334"]
[Annotator "TA"]
[PlyCount "45"]
[EventDate "2018.??.??"]
[EventType "tourn"]
[EventCountry "DEN"]
[SourceTitle "playchess.com"]
[Source "ChessBase"]
[SourceQuality "1"]

{[%evp 23,45,66,114,124,114,100,120,57,57,56,86,98,91,96,189,168,178,180,177,187,179,178,529,525]} 1. d4 Nf6 2. c4 g6 3. Nc3 d5 4. Nf3 Bg7 5. cxd5 Nxd5 6. e4 Nxc3 7. bxc3 {[%cal Bb2c3,Bc3d4,Bd4d5][%mdl 32]} c5 8. Be3 O-O 9. Be2 cxd4 10. cxd4 Qa5+ {D85: Exchange Grünfeld: Unusual White 7th moves and lines with 7 Nf3} 11. Nd2 (11. Bd2 Qd8 12. Rc1 Bg4 13. d5 e6 14. h3 Bxf3 15. Bxf3 exd5 16. exd5 Re8+ 17. Be3 Bh6 18. O-O Rxe3 19. fxe3 Bxe3+ {0-1 (58) Korobov,A (2693)-Belous,V (2578) Wroclaw 2014}) 11... Rd8 12. O-O Nc6 {LiveBook: 3 Games. White is slightly better.} 13. d5 $1 Ne5 14. Rc1 Qxa2 $146 {[#]} ({Predecessor:} 14... b6 15. f4 Qa3 16. Qb3 Qxb3 17. Nxb3 {1-0 (40) Harney,T (1847)-Paetzold,O (1582) LSS email 2012}) 15. Bd4 ({Better is} 15. Rc2 $1 $16 {[%cal Rc2a2]} Qa5 16. f4) 15... Qa5 $1 $14 16. Qc2 Bd7 {[#]} 17. Nb3 $1 {[%cal Rb3a5]} Qa4 18. Qb2 $36 {[%mdl 2048] Black must now prevent Rb1. Black is under strong pressure.} Qb4 (18... Rdc8 $16 {might work better.}) 19. Bxe5 $18 Bxe5 20. Qxe5 {Threatens to win with Nc5.} Qxb3 21. Qxe7 {Strongly threatening Rc7.} Qb2 22. Bf3 {Hoping for Rc7.} Bb5 $2 (22... Qg7 23. Rc7 Bb5) 23. Rb1 1-0

[Event "Chess House GM-Tourney 2018"]
[Site "Aarhus"]
[Date "2018.02.09"]
[Round "1.1"]
[White "Vorobiov, Evgeny E"]
[Black "Thogersen, Rasmus"]
[Result "1-0"]
[WhiteElo "2548"]
[BlackElo "2334"]
[Annotator "TA"]
[PlyCount "45"]
[EventDate "2018.02.11"]
[EventType "tourn"]
[EventCountry "DEN"]
[SourceTitle "playchess.com"]
[Source "ChessBase"]
[SourceQuality "1"]

{[%evp 23,45,46,89,108,90,93,117,59,70,56,79,84,72,75,166,166,166,173,157,181,177,156,532,526]} 1. d4 Nf6 2. c4 g6 3. Nc3 d5 4. Nf3 Bg7 5. cxd5 Nxd5 6. e4 Nxc3 7. bxc3 {[%cal Bb2c3,Bc3d4,Bd4d5][%mdl 32]} c5 8. Be3 O-O 9. Be2 cxd4 10. cxd4 Qa5+ {D85: Exchange Grünfeld: Unusual White 7th moves and lines with 7 Nf3} 11. Nd2 (11. Bd2 Qd8 12. Rc1 Bg4 13. d5 e6 14. h3 Bxf3 15. Bxf3 exd5 16. exd5 Re8+ 17. Be3 Bh6 18. O-O Rxe3 19. fxe3 Bxe3+ {0-1 (58) Korobov,A (2693)-Belous,V (2578) Wroclaw 2014}) 11... Rd8 12. O-O Nc6 {[#] LiveBook: 3 Games. White is slightly better.} 13. d5 $1 Ne5 14. Rc1 Qxa2 $146 ({Find the theoretical novelty and annotate with similar games:} 14... b6 15. f4 Qa3 16. Qb3 Qxb3 17. Nxb3 {1-0 (40) Harney,T (1847)-Paetzold,O (1582) LSS email 2012}) 15. Bd4 (15. Rc2 $16 Qa5 16. Qb1) 15... Qa5 $1 $14 16. Qc2 Bd7 {[#]} 17. Nb3 $1 {[%cal Rb3a5]} Qa4 18. Qb2 $36 {[%mdl 2048] And now Rb1 would win. White has strong initiative.} Qb4 (18... Bb5 $16 {keeps fighting.} 19. Ra1 (19. Bxe5 Bxe5 20. Bxb5 Bxb2 $11) (19. Nc5 Qxd4 20. Qxd4 Bxe2 $14) 19... Qb4) 19. Bxe5 $18 Bxe5 20. Qxe5 {Hoping for Nc5.} Qxb3 21. Qxe7 {Threatens to win with Rc7.} Qb2 22. Bf3 {Rc7 is the strong threat.} Bb5 $2 (22... Qg7 $16 23. Rc7 Bb5) 23. Rb1 1-0

[Event "Chess House GM-Tourney 2018"]
[Site "Aarhus"]
[Date "2018.02.09"]
[Round "1.2"]
[White "Teplyi, Igor"]
[Black "Kveinys, Aloyzas"]
[Result "1/2-1/2"]
[WhiteElo "2402"]
[BlackElo "2550"]
[Annotator "TA"]
[PlyCount "65"]
[EventDate "2018.??.??"]
[EventType "tourn"]
[EventCountry "DEN"]
[SourceTitle "playchess.com"]
[Source "ChessBase"]
[SourceQuality "1"]

{[%evp 19,65,16,71,14,12,12,13,14,29,7,11,17,16,7,34,38,32,9,12,12,17,14,16,9,8,4,4,4,7,7,10,10,32,12,68,71,79,0,0,0,0,0,0,0,0,0,0,0]} 1. d4 Nf6 2. c4 e6 3. Nc3 d5 4. cxd5 exd5 5. Bg5 Be7 6. e3 O-O 7. Bd3 Re8 8. Nge2 Nbd7 9. Qc2 Nf8 10. O-O Ng6 {LiveBook: 11 Games. D35: Queen's Gambit Declined: Exchange Variation} (10... c6 $11 {keeps the balance.}) (10... c6 11. f3 Be6 12. Rad1 Rc8 13. Kh1 b5 14. a3 a5 15. Rfe1 Nh5 16. Bxe7 Qxe7 17. e4 dxe4 18. fxe4 b4 19. axb4 axb4 20. Na4 Nd7 {½-½ (39) Sakalauskas,V (2351)-Jussupow,A (2582) Katowice 2017}) 11. Nf4 (11. b4 $16) 11... c6 12. Rae1 Ng4 13. Bxe7 Rxe7 $146 ({Predecessor:} 13... Qxe7 14. f3 Nf6 15. Qf2 Qc7 16. Nxg6 hxg6 17. h3 Bd7 18. e4 Nh5 19. Rc1 {½-½ (58) Heinke,R (2379)-Broniek,M (2228) ICCF email 2013}) 14. Nxg6 hxg6 15. h3 Nf6 16. f3 Qd6 17. Qf2 c5 18. dxc5 (18. Nb5 {with more complications.} Qc6 19. dxc5 Qxc5 20. Nd4 Qd6 21. Rc1) 18... Qxc5 19. e4 Qxf2+ $1 20. Kxf2 dxe4 21. Nxe4 Nxe4+ 22. Rxe4 Rxe4 23. Bxe4 $11 {[%mdl 4096] Endgame KRB-KRB} Be6 24. Rc1 Rd8 25. Ke3 b6 26. a3 g5 (26... f5 $11 27. Bb7 Kf7) 27. Rc7 $1 $14 f5 {[#]} 28. Bc2 (28. Bc6 $1 $16) 28... f4+ $11 {The position is equal.} 29. Ke4 Bf7 $1 30. Kf5 Rd5+ 31. Ke4 Rd8 32. Kf5 Rd5+ 33. Ke4 {Precision: White = 51%, Black = 63%.} 1/2-1/2

[Event "Chess House GM-Tourney 2018"]
[Site "Aarhus"]
[Date "2018.02.09"]
[Round "1.3"]
[White "Kollars, Dmitrij"]
[Black "Thybo, Jesper Sondergaard"]
[Result "1/2-1/2"]
[WhiteElo "2509"]
[BlackElo "2479"]
[Annotator "TA"]
[PlyCount "51"]
[EventDate "2018.??.??"]
[EventType "tourn"]
[EventCountry "DEN"]
[SourceTitle "playchess.com"]
[Source "ChessBase"]
[SourceQuality "1"]

{[%evp 19,51,0,1,3,0,0,0,0,4,0,0,-8,11,11,11,8,0,0,0,0,0,0,0,0,0,0,0,0,0,0,0,0,0,0]} 1. e4 c6 2. Nf3 d5 3. Nc3 Bg4 4. h3 Bxf3 5. Qxf3 e6 6. g3 Nf6 7. Bg2 {B11: Caro-Kann: Two Knights Variation} Bc5 8. O-O O-O 9. d3 Nbd7 10. Qe2 Qc7 {LiveBook: 3 Games. The position is equal.} (10... Bd4 11. Nd1 dxe4 12. dxe4 Qc7 13. c3 Bc5 14. Ne3 a5 {½-½ (46) Adams,M (2727)-Tari,A (2578) Heraklio 2017}) 11. Kh2 dxe4 12. Nxe4 Nxe4 13. Qxe4 e5 $146 ({Predecessor:} 13... Nf6 14. Qe2 a5 15. a4 Rfd8 16. c3 {0-1 (79) Bugalski,M (2263)-Zimina,O (2415) Katowice 2017}) 14. Bd2 a5 15. f4 exf4 16. Bxf4 Bd6 17. Rae1 Nf6 18. Bxd6 Qxd6 19. Qe7 Qb4 20. c3 Qb6 21. Rxf6 gxf6 22. Qxf6 {[#] Threatening mate with Re4.} Rae8 $1 23. Qg5+ Kh8 24. Qf6+ Kg8 25. Qg5+ Kh8 26. Qf6+ 1/2-1/2

[Event "Chess House GM-Tourney 2018"]
[Site "Aarhus"]
[Date "2018.02.09"]
[Round "1.4"]
[White "Olsen, Filip Boe"]
[Black "Matthiesen, Martin"]
[Result "1-0"]
[WhiteElo "2300"]
[BlackElo "2314"]
[Annotator "NA"]
[PlyCount "79"]
[EventDate "2018.??.??"]
[EventType "tourn"]
[EventCountry "DEN"]
[SourceTitle "playchess.com"]
[Source "ChessBase"]
[SourceQuality "1"]
[TimeControl "40/5400+30:1800+30"]

1. d4 {[%emt 0:00:00]} Nf6 {[%emt 0:00:07]} 2. c4 {[%emt 0:00:00]} e6 {[%emt 0:00:06]} 3. g3 {[%emt 0:00:01]} c5 {[%emt 0:02:10]} 4. Nf3 {[%emt 0:05:45]} cxd4 {[%emt 0:00:44]} 5. Nxd4 {[%emt 0:02:08]} d5 {[%emt 0:04:55]} 6. Bg2 {[%emt 0:02:38]} e5 {[%emt 0:03:42]} 7. Nf3 {[%emt 0:03:27]} d4 {[%emt 0:00:30]} 8. O-O {[%emt 0:04:26]} Nc6 {[%emt 0:00:06]} 9. e3 {[%emt 0:07:45]} Be7 {[%emt 0:01:50]} 10. exd4 {[%emt 0:06:07]} exd4 {[%emt 0:00:08]} 11. b3 {[%emt 0:06:02]} O-O {[%emt 0:07:27]} 12. Bb2 {[%emt 0:01:16]} d3 {[%emt 0:15:38]} 13. Nc3 {[%emt 0:07:42]} Bf5 {[%emt 0:07:15]} 14. Qd2 {[%emt 0:11:01]} Qd7 {[%emt 0:12:33]} 15. Rfe1 {[%emt 0:11:55]} Rfe8 {[%emt 0:10:39]} 16. Ne5 {[%emt 0:04:02]} Nxe5 {[%emt 0:00:35]} 17. Rxe5 {[%emt 0:00:09]} Rad8 {[%emt 0:19:18]} 18. Rae1 {[%emt 0:07:46]} b6 {[%emt 0:02:30]} 19. Nb5 {[%emt 0:04:25]} Bc5 {[%emt 0:04:57]} 20. b4 {[%emt 0:02:09]} Bf8 {[%emt 0:00:34]} 21. Nd4 {[%emt 0:01:26]} Bg6 {[%emt 0:01:53]} 22. a3 {[%emt 0:04:24]} Rxe5 {[%emt 0:00:56]} 23. Rxe5 {[%emt 0:00:02]} Rc8 {[%emt 0:00:20]} 24. Qc3 {[%emt 0:03:54]} Bd6 {[%emt 0:01:06]} 25. Re3 {[%emt 0:00:52]} h5 {[%emt 0:01:03]} 26. h4 {[%emt 0:02:06]} Qc7 {[%emt 0:00:44]} 27. Nc6 {[%emt 0:00:41]} Re8 {[%emt 0:01:11]} 28. Rxe8+ {[%emt 0:00:48]} Nxe8 {[%emt 0:00:01]} 29. Qd4 {[%emt 0:00:29]} Nf6 {[%emt 0:00:59]} 30. Nxa7 {[%emt 0:00:32]} Bxg3 {[%emt 0:00:51]} 31. fxg3 {[%emt 0:00:40]} Qxg3 {[%emt 0:00:01]} 32. Qf2 {[%emt 0:00:26]} Qg4 {[%emt 0:00:36]} 33. Bxf6 {[%emt 0:00:34]} gxf6 {[%emt 0:00:08]} 34. Kf1 {[%emt 0:00:29]} Qxc4 {[%emt 0:00:19]} 35. Qd2 {[%emt 0:00:27]} Qxh4 {[%emt 0:00:41]} 36. Nc6 {[%emt 0:00:12]} Kf8 {[%emt 0:00:43]} 37. Qh6+ {[%emt 0:00:39]} Ke8 {[%emt 0:00:01]} 38. Qh8+ {[%emt 0:00:19]} Kd7 {[%emt 0:00:01]} 39. Qd8+ {[%emt 0:00:09]} Ke6 {[%emt 0:00:01]} 40. Qd5# {[%emt 0:00:09]} 1-0

[Event "Chess House GM-Tourney 2018"]
[Site "Aarhus"]
[Date "2018.02.09"]
[Round "1.5"]
[White "Miedema, David"]
[Black "Bjerre, Jonas Buhl"]
[Result "0-1"]
[WhiteElo "2371"]
[BlackElo "2368"]
[Annotator "NA"]
[PlyCount "76"]
[EventDate "2018.??.??"]
[EventType "tourn"]
[EventCountry "DEN"]
[SourceTitle "playchess.com"]
[Source "ChessBase"]
[SourceQuality "1"]
[TimeControl "40/5400+30:1800+30"]

1. d4 {[%emt 0:00:00]} Nf6 {[%emt 0:00:15]} 2. c4 {[%emt 0:00:00]} e6 {[%emt 0:00:26]} 3. Nc3 {[%emt 0:00:00]} Bb4 {[%emt 0:00:49]} 4. Qc2 {[%emt 0:00:20]} O-O {[%emt 0:01:27]} 5. Nf3 {[%emt 0:00:11]} c5 {[%emt 0:02:38]} 6. dxc5 {[%emt 0:00:05]} Na6 {[%emt 0:00:59]} 7. c6 {[%emt 0:00:48]} bxc6 {[%emt 0:01:17]} 8. e3 {[%emt 0:00:35]} d5 {[%emt 0:05:55]} 9. a3 {[%emt 0:13:38]} Bxc3+ {[%emt 0:02:10]} 10. Qxc3 {[%emt 0:00:09]} Nc5 {[%emt 0:03:39]} 11. Qc2 {[%emt 0:06:05]} Ba6 {[%emt 0:05:34]} 12. b4 {[%emt 0:15:43]} Nce4 {[%emt 0:05:35]} 13. Ne5 {[%emt 0:04:17]} Rc8 {[%emt 0:13:11]} 14. Qa4 {[%emt 0:12:49]} Nxf2 {[%emt 0:14:54]} 15. Qxa6 {[%emt 0:02:48]} Nxh1 {[%emt 0:02:26]} 16. Ra2 {[%emt 0:15:17]} Ne4 {[%emt 0:03:11]} 17. Nf3 {[%emt 0:00:18]} Qf6 {[%emt 0:04:04]} 18. Rc2 {[%emt 0:00:13]} g5 {[%emt 0:06:18]} 19. Bb2 {[%emt 0:02:35]} Qh6 {[%emt 0:03:42]} 20. g3 {[%emt 0:02:38]} g4 {[%emt 0:01:52]} 21. Ne5 {[%emt 0:00:03]} Qxe3+ {[%emt 0:02:14]} 22. Re2 {[%emt 0:00:04]} Qb3 {[%emt 0:02:27]} 23. Qxa7 {[%emt 0:04:30]} c5 {[%emt 0:03:52]} 24. Qe7 {[%emt 0:04:26]} Qa2 {[%emt 0:04:05]} 25. Nd3 {[%emt 0:01:04]} Qb1+ {[%emt 0:00:51]} 26. Nc1 {[%emt 0:00:14]} cxb4 {[%emt 0:02:57]} 27. Qh4 {[%emt 0:02:02]} f6 {[%emt 0:01:38]} 28. Qxg4+ {[%emt 0:00:46]} Kh8 {[%emt 0:00:39]} 29. Rg2 {[%emt 0:07:04]} Nhf2 {[%emt 0:01:36]} 30. Rxf2 {[%emt 0:00:24]} Nxf2 {[%emt 0:00:07]} 31. Qd4 {[%emt 0:00:02]} bxa3 {[%emt 0:01:14]} 32. Bxa3 {[%emt 0:00:19]} Qe4+ {[%emt 0:02:21]} 33. Ne2 {[%emt 0:00:03]} Nd3+ {[%emt 0:00:35]} 34. Kd2 {[%emt 0:00:05]} Ne5 {[%emt 0:01:30]} 35. Qxe4 {[%emt 0:04:50]} dxe4 {[%emt 0:00:04]} 36. Bxf8 {[%emt 0:00:02]} Nxc4+ {[%emt 0:00:53]} 37. Ke1 {[%emt 0:00:28]} Rxf8 {[%emt 0:00:09]} 38. Nf4 {[%emt 0:00:04]} e5 {[%emt 0:01:04]} 0-1

[Event "Chess House GM-Tourney 2018"]
[Site "Aarhus"]
[Date "2018.02.10"]
[Round "2.1"]
[White "Kveinys, Aloyzas"]
[Black "Vorobiov, Evgeny E."]
[Result "1/2-1/2"]
[WhiteElo "2550"]
[BlackElo "2548"]
[Annotator "TA"]
[PlyCount "60"]
[EventDate "2018.??.??"]
[EventType "tourn"]
[EventCountry "DEN"]
[SourceTitle "playchess.com"]
[Source "ChessBase"]
[SourceQuality "1"]

{[%evp 30,60,23,17,43,22,27,0,0,0,0,0,0,0,0,0,4,0,0,0,0,0,0,0,0,0,0,0,0,0,0,0,0]} 1. d4 d5 2. c4 dxc4 3. e3 Nf6 4. Bxc4 e6 5. Nf3 c5 6. O-O a6 7. dxc5 Qxd1 8. Rxd1 Bxc5 9. Be2 Nbd7 10. b3 b6 11. Bb2 Bb7 12. Nbd2 {[%cal Bb1d2,Bd2c4,Bc4e5,Be5d3][%mdl 32]} O-O {D27: Queen's Gambit Accepted: Classical main line: 7 e4!? and 7 a4} 13. Rac1 Rfd8 14. Nc4 Bd5 (14... Nf8 15. Bd4 Bxd4 16. Nxd4 N8d7 17. Bf3 Bxf3 18. gxf3 Rac8 19. Nd6 Rxc1 20. Rxc1 Nc5 21. Nc4 {1-0 (60) Akobian,V (2647)-Nguyen,N (2630) Riadh 2017}) 15. Nfe5 Nxe5 16. Nxe5 {LiveBook: 3 Games} Bb7 17. Rxd8+ (17. Nd3 {is interesting.} Bd6 18. Bd4 Nd7 19. Nb2 b5 20. Bxg7 Ba3 21. Bd4) 17... Rxd8 18. Rd1 (18. Nd3 {with more complications.} Bd6 19. Bf3 Ne4 20. Bd4 b5 21. Be2) 18... Rxd1+ {The position is equal.} 19. Bxd1 b5 $146 ({Predecessor:} 19... Kf8 20. Bf3 Bxf3 21. Nxf3 Ke7 22. Kf1 {½-½ (30) Maric,A (2457)-Levushkina,E (2280) Moscow 2001}) 20. Nd3 Be7 21. f3 Nd7 22. Kf2 Nc5 23. Bc2 Nxd3+ 24. Bxd3 $11 {[%mdl 4096] Endgame KBB-KBB} f6 25. Ke2 Kf7 26. a4 ({Don't blunder} 26. Bxh7 $2 g6 $19) 26... bxa4 27. bxa4 Bc6 28. Bxa6 {Threatening Bb5.} Bxa4 29. Bc4 Bc6 30. Bc3 Bc5 {Precision: White = 65%, Black = 85%.} 1/2-1/2

[Event "Chess House GM-Tourney 2018"]
[Site "Aarhus"]
[Date "2018.02.10"]
[Round "2.2"]
[White "Matthiesen, Martin"]
[Black "Kollars, Dmitrij"]
[Result "0-1"]
[WhiteElo "2314"]
[BlackElo "2509"]
[Annotator "TA"]
[PlyCount "60"]
[EventDate "2018.??.??"]
[EventType "tourn"]
[EventCountry "DEN"]
[SourceTitle "playchess.com"]
[Source "ChessBase"]
[SourceQuality "1"]

{[%evp 17,60,0,0,-45,-33,-41,-44,-60,-60,-81,-64,-102,-101,-98,-93,-139,-125,-222,-243,-225,-167,-166,-159,-174,-145,-147,-135,-141,-135,-183,-138,-126,-127,-179,-103,-184,-171,-722,-730,-744,-416,-1193,-809,-1272,-1220]} 1. d4 d5 2. Bf4 Nf6 3. e3 c5 4. c3 Nc6 5. Nd2 Bf5 6. Qb3 {D00: 1 d4 d5: Unusual lines} Qc8 7. dxc5 e5 8. Bg5 Be6 9. Bxf6 gxf6 {LiveBook: 3 Games} 10. Ngf3 $146 ({Predecessor:} 10. c4 dxc4 11. Bxc4 Bxc5 12. Rc1 Bb4 {½-½ (43) Aronian,L (2805)-Sethuraman,S (2646) Riadh 2017}) 10... Bxc5 11. Qc2 Qc7 12. g3 O-O-O 13. Bg2 Kb8 14. O-O f5 15. Rac1 h5 {[%cal Bh7h5,Bh5h4][%mdl 32]} 16. b4 Be7 17. a3 (17. Nb3 $17) 17... h4 $19 18. c4 d4 19. exd4 Nxd4 20. Nxd4 Rxd4 21. c5 f4 22. Nf3 Rdd8 $1 {[%cal Bd4d8,Bd8g8,Bg8g3][%mdl 32] White must now prevent ...hxg3.} 23. Qe4 fxg3 24. fxg3 hxg3 25. hxg3 {[#]} (25. Qxe5 $17 {keeps fighting.} gxh2+ 26. Kh1) 25... f6 (25... Bf6 $1 $19 {Strongly threatening ...Rhg8.} 26. Rc3 Bd5) 26. Rfd1 {[#]} (26. Rc3 $17) 26... Rdg8 $1 {[%cal Rg8g3]} 27. Nd4 $2 (27. Kf2) 27... exd4 28. Qxe6 Rxg3 29. Qd5 (29. Rd2 $142 Rg7 30. Re1) 29... Rg5 30. Qf3 Rh4 {Precision: White = 18%, Black = 88%.} 0-1

[Event "Chess House GM-Tourney 2018"]
[Site "Aarhus"]
[Date "2018.02.10"]
[Round "2.3"]
[White "Thybo, Jesper Sondergaard"]
[Black "Teplyi, Igor"]
[Result "1-0"]
[WhiteElo "2479"]
[BlackElo "2402"]
[Annotator "TA"]
[PlyCount "151"]
[EventDate "2018.??.??"]
[EventType "tourn"]
[EventCountry "DEN"]
[SourceTitle "playchess.com"]
[Source "ChessBase"]
[SourceQuality "1"]

{[%evp 21,151,0,0,0,23,0,0,-8,2,10,1,0,11,16,26,18,15,8,21,16,33,40,49,50,53,47,70,68,66,60,70,64,69,70,63,64,64,63,75,75,79,75,89,82,82,82,82,83,83,82,116,116,226,116,171,171,150,98,198,167,218,208,208,208,208,200,200,200,200,202,212,212,212,220,214,169,177,178,263,263,256,256,256,249,249,249,249,249,249,249,249,249,249,249,249,249,249,249,249,249,831,155,588,580,576,561,450,224,224,217,224,224,178,94,1755,1772,1679,1554,1530,1436,1513,1441,941,679,29974,29974,29980,29981,29983,29984,29984,29984]} 1. e4 c5 2. Nf3 d6 3. Bb5+ Bd7 4. Bxd7+ Nxd7 5. O-O Ngf6 6. Qe2 e6 7. b3 g6 {B50: Sicilian: 2...d6, Miscellaneous} 8. Bb2 Bg7 9. c4 O-O 10. d4 cxd4 11. Bxd4 (11. Nxd4 a6 12. Nc3 Re8 13. Rad1 Qb6 14. Ba1 Rad8 15. Nf3 Nc5 16. Rfe1 h6 17. g3 Qc7 18. Bb2 Qb6 19. Ba1 Qc7 20. Bb2 Qb6 {½-½ (20) Anand,V (2779)-Grischuk,A (2737) Doha 2016}) 11... Qa5 {LiveBook: 5 Games} 12. Bc3 Qb6 13. Nbd2 $146 ({Predecessor:} 13. Bb2 Nc5 14. Nc3 a6 15. Rad1 {½-½ (94) Pospisil,L (2500)-Pereira,N (2193) ICCF email 2015}) 13... Rfd8 14. Rac1 Rac8 15. Rfd1 a6 16. a4 Ne8 17. a5 $36 {[%mdl 2048] Black is under pressure.} Qc7 18. Bxg7 Kxg7 19. b4 b6 20. Nb3 Rb8 21. Nfd4 e5 22. Nc2 Rdc8 23. Qd2 Ndf6 24. f3 Qb7 25. Qe2 Qc7 26. axb6 Qxb6+ 27. Kh1 Nc7 28. Na5 Ne6 29. Qd2 Rd8 30. Rb1 Rbc8 31. Rb3 Rd7 32. g3 h5 33. h4 Rcd8 34. Rd3 Qc7 35. Kg2 Qc8 36. Ne3 Kf8 (36... Qc7 $16) 37. Nb3 (37. b5 $1 $18) 37... Qb7 (37... Kg8 $16 38. Rc1 Nc7) 38. Nd5 $18 Nxd5 39. Rxd5 (39. cxd5 $142 Nd4 40. Qh6+ (40. Nxd4 exd4 41. Rc1 Rc8 $16) 40... Kg8 41. Nxd4 exd4 42. f4 (42. Rxd4 Rc7 $14)) 39... Ke8 (39... Kg7 $16) 40. Na5 Qc7 (40... Qc8 $142 41. Qh6 Qc7) 41. b5 Nd4 42. Rxd4 $1 (42. bxa6 $6 Ra8 $16) 42... exd4 43. Nc6 (43. bxa6 $2 Qb6 $17) 43... axb5 44. cxb5 {[%cal Bc4b5,Bb5b6][%mdl 32]} (44. Nxd8 $6 Rxd8 45. cxb5 Qc5 $14) 44... Kf8 45. Qxd4 {[%cal Rd4h8]} ({Much less strong is} 45. Nxd8 $6 Rxd8 46. Qxd4 Rb8 $16) 45... Kg8 46. Nxd8 Rxd8 {[%mdl 4096] Endgame KQR-KQR} 47. b6 Qc6 48. Rd2 Rb8 49. Rb2 Qc1 (49... Rb7 $142 50. Rb4 Qc2+ 51. Qf2 Qc3) 50. b7 Qc6 51. Qb6 Qc3 52. Ra2 {Black must now prevent Ra8.} Kh7 53. Qb5 Qc7 54. Rb2 Qc3 55. Qb3 Qc7 56. Qd5 Kg8 57. Kh2 Qc3 58. Qb3 Qc6 59. Qb5 Qc3 60. Qb4 Qxf3 $2 (60... Qc6 61. Qa3 Kg7) 61. Rc2 $2 ({And not} 61. Qxd6 Rxb7 62. Rxb7 Qe2+ 63. Kg1 (63. Kh3 Qf1+ 64. Kh2 Qe2+ 65. Kh3 Qg4+ 66. Kh2 Qe2+ $11) 63... Qe3+ 64. Kf1 (64. Kh2 Qe2+ 65. Kg1 Qe3+ 66. Kh2 Qe2+ $11) 64... Qf3+ 65. Kg1 Qe3+ 66. Kh2 Qe2+ 67. Kh3 Qf1+ 68. Kh2 Qf2+ 69. Kh1 Qf1+ 70. Kh2 Qe2+ $11) (61. Qc4 $18 {is the precise move to win.} Kg7 62. Qc7) 61... Kh7 $2 (61... Kg7 $16 {is a better chance.} 62. Qd4+ Qf6) 62. Qb2 $1 {Intending Rc8 and mate.} Qg4 {White should prevent ...Qd7.} 63. Rc7 Qe6 64. Qf2 (64. Kg1 $142 Kh6 65. Kh2) 64... Kg7 {[#]} 65. Qd4+ $1 Qe5 66. Qxe5+ dxe5 {KR-KR} 67. g4 ({White should try} 67. Kg2 $18) 67... hxg4 $2 {[%mdl 8192]} (67... Kf6 $16 68. Kg3 Ke6) 68. Kg3 Kf6 69. Kxg4 Ke6 {[#]} 70. Kg5 $1 f5 71. exf5+ gxf5 72. h5 {[%cal Bh4h5,Bh5h6,Bh6h7][%mdl 32]} f4 73. Kg4 {White mates.} Kd5 74. h6 Ke4 75. h7 f3 76. Rf7 {Precision: White = 72%, Black = 45%.} 1-0

[Event "Chess House GM-Tourney 2018"]
[Site "Aarhus"]
[Date "2018.02.10"]
[Round "2.4"]
[White "Miedema, David"]
[Black "Olsen, Filip Boe"]
[Result "1-0"]
[WhiteElo "2371"]
[BlackElo "2300"]
[Annotator "NA"]
[PlyCount "59"]
[EventDate "2018.??.??"]
[EventType "tourn"]
[EventCountry "DEN"]
[SourceTitle "playchess.com"]
[Source "ChessBase"]
[SourceQuality "1"]
[TimeControl "40/5400+30:1800+30"]

1. d4 {[%emt 0:10:47]} Nf6 {[%emt 0:00:12]} 2. c4 {[%emt 0:00:12]} g6 {[%emt 0:00:14]} 3. Nc3 {[%emt 0:00:14]} d5 {[%emt 0:00:10]} 4. cxd5 {[%emt 0:00:31]} Nxd5 {[%emt 0:00:16]} 5. e4 {[%emt 0:00:04]} Nxc3 {[%emt 0:00:10]} 6. bxc3 {[%emt 0:00:03]} Bg7 {[%emt 0:00:17]} 7. Nf3 {[%emt 0:01:10]} O-O {[%emt 0:00:12]} 8. Be3 {[%emt 0:00:29]} c5 {[%emt 0:00:13]} 9. Rc1 {[%emt 0:01:15]} Qa5 {[%emt 0:00:18]} 10. Qd2 {[%emt 0:00:05]} Rd8 {[%emt 0:00:35]} 11. Be2 {[%emt 0:01:59]} Nc6 {[%emt 0:04:47]} 12. d5 {[%emt 0:02:00]} e6 {[%emt 0:01:05]} 13. c4 {[%emt 0:03:39]} Qxd2+ {[%emt 0:00:36]} 14. Kxd2 {[%emt 0:04:04]} Nd4 {[%emt 0:08:40]} 15. Rhd1 {[%emt 0:09:19]} b6 {[%emt 0:08:00]} 16. Bxd4 {[%emt 0:02:05]} cxd4 {[%emt 0:01:04]} 17. Ke1 {[%emt 0:01:05]} e5 {[%emt 0:01:28]} 18. c5 {[%emt 0:01:10]} bxc5 {[%emt 0:03:36]} 19. Rxc5 {[%emt 0:00:57]} f5 {[%emt 0:10:04]} 20. Bc4 {[%emt 0:05:47]} fxe4 {[%emt 0:19:14]} 21. Ng5 {[%emt 0:15:03]} h6 {[%emt 0:05:06]} 22. d6+ {[%emt 0:02:24]} Kf8 {[%emt 0:00:45]} 23. Nf7 {[%emt 0:14:26]} Rd7 {[%emt 0:03:32]} 24. Rb1 {[%emt 0:07:20]} Ba6 {[%emt 0:19:04]} 25. Bxa6 {[%emt 0:01:23]} Rxf7 {[%emt 0:02:13]} 26. Rc7 {[%emt 0:00:10]} Bf6 {[%emt 0:03:08]} 27. Rbb7 {[%emt 0:00:19]} Rg7 {[%emt 0:00:26]} 28. Bc4 {[%emt 0:01:04]} Rd8 {[%emt 0:03:54]} 29. Rf7+ {[%emt 0:00:43]} Ke8 {[%emt 0:00:53]} 30. Bb5+ {[%emt 0:00:12]} 1-0